Air pollution control : (Record no. 332192)
[ view plain ]
| 000 -LEADER | |
|---|---|
| fixed length control field | 00951cam a2200265 a 4500 |
| 001 - CONTROL NUMBER | |
| control field | 12871708 |
| 003 - CONTROL NUMBER IDENTIFIER | |
| control field | NUST |
| 005 - DATE AND TIME OF LATEST TRANSACTION | |
| control field | 20171117104454.0 |
| 008 - FIXED-LENGTH DATA ELEMENTS--GENERAL INFORMATION | |
| fixed length control field | 020726s2002 ilua b 001 0 eng |
| 010 ## - LIBRARY OF CONGRESS CONTROL NUMBER | |
| LC control number | 2002284922 |
| 020 ## - INTERNATIONAL STANDARD BOOK NUMBER | |
| International Standard Book Number | 1577662180 |
| 040 ## - CATALOGING SOURCE | |
| Original cataloging agency | DLC |
| Transcribing agency | DLC |
| Modifying agency | DLC |
| 050 00 - LIBRARY OF CONGRESS CALL NUMBER | |
| Classification number | TD883 |
| Item number | .C585 2002 |
| 082 00 - DEWEY DECIMAL CLASSIFICATION NUMBER | |
| Classification number | 628.5 COO |
| Edition number | 21 |
| 100 1# - MAIN ENTRY--PERSONAL NAME | |
| Personal name | Cooper, C. David. |
| 9 (RLIN) | 6488 |
| 245 10 - TITLE STATEMENT | |
| Title | Air pollution control : |
| Remainder of title | a design approach / |
| Statement of responsibility, etc. | C. David Cooper, F.C. Alley. |
| 250 ## - EDITION STATEMENT | |
| Edition statement | 3rd ed. |
| 260 ## - PUBLICATION, DISTRIBUTION, ETC. | |
| Place of publication, distribution, etc. | Prospect Heights, Ill. : |
| Name of publisher, distributor, etc. | Waveland Press, |
| Date of publication, distribution, etc. | c2002. |
| 300 ## - PHYSICAL DESCRIPTION | |
| Extent | xx, 738 p. : |
| Other physical details | ill. ; |
| Dimensions | 24 cm. |
| 500 ## - GENERAL NOTE | |
| General note | PhotoCopy |
| 504 ## - BIBLIOGRAPHY, ETC. NOTE | |
| Bibliography, etc. note | Includes bibliographical references and index. |
| 650 #0 - SUBJECT ADDED ENTRY--TOPICAL TERM | |
| Topical term or geographic name entry element | Air |
| General subdivision | Pollution. |
| 9 (RLIN) | 2261 |
| 650 #0 - SUBJECT ADDED ENTRY--TOPICAL TERM | |
| Topical term or geographic name entry element | Air |
| General subdivision | Purification |
| -- | Equipment and supplies. |
| 9 (RLIN) | 6489 |
| 700 1# - ADDED ENTRY--PERSONAL NAME | |
| Personal name | Alley, F. C. |
| 9 (RLIN) | 6490 |
| 906 ## - LOCAL DATA ELEMENT F, LDF (RLIN) | |
| a | 7 |
| b | cbc |
| c | origcop |
| d | 2 |
| e | ncip |
| f | 20 |
| g | y-gencatlg |
| 942 ## - ADDED ENTRY ELEMENTS (KOHA) | |
| Source of classification or shelving scheme | |
| Koha item type | Book |
| Call number prefix | IESE |
| Withdrawn status | Lost status | Source of classification or shelving scheme | Damaged status | Not for loan | Collection code | Permanent Location | Current Location | Shelving location | Date acquired | Total Checkouts | Full call number | Barcode | Date last seen | Price effective from | Koha item type |
|---|---|---|---|---|---|---|---|---|---|---|---|---|---|---|---|
| Institute of Environmental Science and Engineering (IESE) | Institute of Environmental Science and Engineering (IESE) | Text Books | 11/17/2017 | 628.5 COO | IESE-1912 | 11/17/2017 | 11/17/2017 | Book | |||||||
| Institute of Environmental Science and Engineering (IESE) | Institute of Environmental Science and Engineering (IESE) | Text Books | 11/17/2017 | 628.5 COO | IESE-708 | 11/17/2017 | 11/17/2017 | Book | |||||||
| Institute of Environmental Science and Engineering (IESE) | Institute of Environmental Science and Engineering (IESE) | General Stacks | 11/17/2017 | 628.5 COO | IESE-1908 | 11/17/2017 | 11/17/2017 | Book | |||||||
| Institute of Environmental Science and Engineering (IESE) | Institute of Environmental Science and Engineering (IESE) | General Stacks | 11/17/2017 | 628.5 COO | IESE-1909 | 11/17/2017 | 11/17/2017 | Book | |||||||
| Institute of Environmental Science and Engineering (IESE) | Institute of Environmental Science and Engineering (IESE) | General Stacks | 11/17/2017 | 628.5 COO | IESE-1910 | 11/17/2017 | 11/17/2017 | Book | |||||||
| Institute of Environmental Science and Engineering (IESE) | Institute of Environmental Science and Engineering (IESE) | General Stacks | 11/17/2017 | 628.5 COO | IESE-1911 | 11/17/2017 | 11/17/2017 | Book | |||||||
| Institute of Environmental Science and Engineering (IESE) | Institute of Environmental Science and Engineering (IESE) | Text Books | 11/17/2017 | 628.5 COO | IESE-2972 | 11/17/2017 | 11/17/2017 | Book |
